01858cam a22004094i 4500003000900000005001700009008004100026035001900067040003300086082002000119100003400139245007400173264004100247300003800288336002100326337002500347338002300372505038700395526001000782526001000792526001000802526001000812526000800822526000800830526000800838526000800846526000800854526000800862526000800870630002800878942001400906949014000920596000601060999015801066980005501224952016901279PE-LiUPU20250731173207.0150625s1989 xxu r 000 0 eng d a(Sirsi) a31569 aPE-LiUPUbspacPE-LiUPUerda04a221.48bB232211 aBarclay Swete, Henry,eautor.13aAn introduction to the old testament in greek /cHenry Barclay Swete. 1aMassachusetts :bHendrickson,c1989. a626 páginas ;c19 centímetros atext2rdacontent aunmediated2rdamedia avolume2rdacarrier0 aThe Alexandrian Greek Version -- Later Greck Versions -- The Hexapla, and the hexaplaric and other recensions of the Septuagint -- Ancient Version based upon the Septuagint -- Manuscrpits of the Septuagint -- Printed texts of the Septuagint -- Titles, Groupin, number and order of the books -- Books of the hebrew canon -- The Greek of the septuagint -- The septuagint as a version. aSEG42 aSEG41 aSEG40 aSEG39 aP94 aP87 aP86 aP85 aP77 aP76 aP35 aBibliapA.T.xHistoria. 2ddccBOOK a221.48 B23wDEWEYc1i38022lCCODEBUL1mBULp33.00r0sYtBOOKu2015-06-25xBIBLIOTECAzUNKNOWN0COMPRAo.STAFF. Colección Teología a1 a221.48 B23wDEWEYc39132i38022f2021-11-9g5lCCODEBUL1mBULp33.00r0sYtBOOKu2015-6-25xTEOLOGIAPP350COMPRAo.STAFF. Colección Teologíad39132 81gALBERTO SANCHEZ Responsable de Automatización r2025-12-02 00:00:00i6l0o221.48 B23p38022te1v38.00w2015-06-25xFTyBKzinventario-2023-12-13102ddc50708GENfP35aBULbBULcGENd2015-06-25eCOMPRAg33.00